[Event "Lueneburg distr-ch Haupt"]
[Site "Muenster"]
[Date "2016.10.14"]
[Round "3.7"]
[White "Suemnicht, Christian"]
[Black "Dunker, Lueder"]
[Result "1-0"]
[WhiteElo "1618"]
[BlackElo "1383"]
[PlyCount "113"]
[EventDate "2016.10.13"]
[EventType "swiss"]
[EventRounds "7"]
[EventCountry "GER"]
[SourceTitle "EXT 2019"]
[Source "ChessBase"]
[SourceDate "2018.10.10"]
[SourceVersion "1"]
[SourceVersionDate "2018.10.10"]
[SourceQuality "1"]

1. e4 c5 2. Bc4 e6 3. Nf3 Be7 4. d3 Nc6 5. c3 Na5 6. Bb5 a6 7. Ba4 b5 8. Bc2 Bb7 9. Bf4 d5 10. e5 Nc6 11. d4 Qb6 12. 0-0 cxd4 13. Nxd4 Bc5 14. Nxc6 Qxc6 15. Qg4 Ne7 16. Nd2 Ng6 17. Kh1 Be7 18. Rac1 Rd8 19. Bg3 h5 20. Qf3 Bg5 21. Bxg6 fxg6 22. Qd3 0-0 23. f4 Be7 24. Qe2 Rf5 25. Nf3 Rdf8 26. Nd4 Qc4 27. Qxc4 bxc4 28. Nxf5 gxf5 29. Bf2 g5 30. g3 d4+ 31. Kg1 d3 32. Bd4 gxf4 33. Kf2 f3 34. Be3 h4 35. Rg1 Kh7 36. b3 Rg8 37. bxc4 hxg3+ 38. hxg3 Rc8 39. Rh1+ Kg8 40. Rh6 Bc5 41. Rxe6 Bxe3+ 42. Kxe3 Rxc4 43. Kxd3 Ra4 44. Re7 Be4+ 45. Ke3 Rxa2 46. Rd1 Kf8 47. Rc7 Re2+ 48. Kf4 Ke8 49. Rh1 Kd8 50. Ra7 Bc6 51. Rh8+ Be8 52. Kxf3 Rxe5 53. Rxa6 Ke7 54. Rh7+ Kf8 55. Rc7 Re4 56. Rf6+ Kg8 57. Rxf5 1-0

[Event "Niedersachsen-ch op-C"]
[Site "Verden"]
[Date "2016.01.04"]
[Round "4"]
[White "Dunker, Lueder"]
[Black "Wilke, Kent"]
[Result "1/2-1/2"]
[WhiteElo "1343"]
[BlackElo "1123"]
[PlyCount "68"]
[EventDate "2016.01.03"]
[EventType "swiss"]
[EventRounds "7"]
[EventCountry "GER"]
[SourceTitle "EXT 2018"]
[Source "ChessBase"]
[SourceDate "2017.10.13"]
[SourceVersion "1"]
[SourceVersionDate "2017.10.13"]
[SourceQuality "1"]

1. e4 e5 2. Nf3 Nc6 3. Bb5 d6 4. 0-0 Bd7 5. Re1 Nf6 6. c3 g6 7. d4 Qe7 8. d5 Nb8 9. Bxd7+ Nfxd7 10. Bg5 f6 11. Be3 Bg7 12. Nbd2 0-0 13. Nf1 f5 14. Bg5 Qf7 15. exf5 Qxf5 16. Ng3 Qf7 17. Qd2 Nb6 18. Rad1 N8d7 19. b3 Rae8 20. Ne4 Nf6 21. c4 Nxe4 22. Rxe4 Qf5 23. Qe3 Nd7 24. Nh4 Qf7 25. Qf3 Qxf3 26. Nxf3 Nc5 27. Re2 a6 28. b4 Na4 29. Rc2 b6 30. Be3 a5 31. a3 axb4 32. axb4 Ra8 33. Ng5 Rfc8 34. Ne6 c6 1/2-1/2

[Event "Niedersachsen-ch op-C"]
[Site "Verden"]
[Date "2016.01.03"]
[Round "2"]
[White "Dunker, Lueder"]
[Black "Hoke, Joshua Sky"]
[Result "1-0"]
[WhiteElo "1343"]
[BlackElo "1248"]
[PlyCount "43"]
[EventDate "2016.01.03"]
[EventType "swiss"]
[EventRounds "7"]
[EventCountry "GER"]
[SourceTitle "EXT 2018"]
[Source "ChessBase"]
[SourceDate "2017.10.13"]
[SourceVersion "1"]
[SourceVersionDate "2017.10.13"]
[SourceQuality "1"]

1. e4 c6 2. d4 d5 3. Nc3 Nf6 4. e5 Ng8 5. Be2 Bf5 6. Nf3 e6 7. Bd3 Ne7 8. Bg5 Bxd3 9. Qxd3 h6 10. Be3 Nd7 11. 0-0 Qc7 12. a4 c5 13. Nb5 Qb6 14. Nd6+ Kd8 15. Nxf7+ Ke8 16. dxc5 Nxc5 17. Bxc5 Qxc5 18. Nxh8 Rc8 19. Nd4 Nc6 20. Qg6+ Ke7 21. Qf7+ Kd8 22. Nxe6# 1-0

[Event "Lueneburg distr-ch Haupt"]
[Site "Tostedt"]
[Date "2015.10.24"]
[Round "6.10"]
[White "Dunker, Lueder"]
[Black "Bieler, Janek"]
[Result "1/2-1/2"]
[WhiteElo "1394"]
[BlackElo "1123"]
[PlyCount "61"]
[EventDate "2015.10.22"]
[EventType "swiss"]
[EventRounds "7"]
[EventCountry "GER"]
[SourceTitle "EXT 2019"]
[Source "ChessBase"]
[SourceDate "2018.10.10"]
[SourceVersion "1"]
[SourceVersionDate "2018.10.10"]
[SourceQuality "1"]

1. e4 e5 2. Nf3 Nc6 3. Bb5 a6 4. Ba4 Nf6 5. 0-0 Be7 6. Re1 b5 7. Bb3 0-0 8. c3 d6 9. h3 Bb7 10. d4 Re8 11. d5 Na5 12. Bc2 c6 13. dxc6 Nxc6 14. Bg5 h6 15. Bxf6 Bxf6 16. Nbd2 Re7 17. Nf1 Rd7 18. Qe2 Qe7 19. Rad1 Rad8 20. Ne3 Qf8 21. Nd5 Be7 22. Rd2 Na7 23. Nb6 Rc7 24. Bb3 Nc8 25. Nd5 Bxd5 26. Bxd5 Nb6 27. Red1 Rc5 28. Rd3 Nxd5 29. Rxd5 Rxd5 30. Rxd5 f5 31. Nh2 1/2-1/2